Soviet land (Запись № 3229418)

Подробности
000 -МАРКЕР
контрольное поле 01063nas1a22003491i 4500
001 - ИДЕНТИФИКАТОР ЗАПИСИ
контрольное поле RU\NLR\INFOCOMM_39\5000068590
005 - ИДЕНТИФИКАТОР ВЕРСИИ
контрольное поле 20240726012921.0
035 ## - ДРУГИЕ СИСТЕМНЫЕ НОМЕРА
Идентификатор записи (NLR Aleph) 003776985
100 ## - ДАННЫЕ ОБЩЕЙ ОБРАБОТКИ
Данные общей обработки 20060301c1934 |||y0rusy50 ba
101 0# - ЯЗЫК РЕСУРСА
Язык текста, звукозаписи и т.д. английский
102 ## - СТРАНА ПУБЛИКАЦИИ ИЛИ ПРОИЗВОДСТВА
Страна публикации российская федерация
110 ## - ПОЛЕ КОДИРОВАННЫХ ДАННЫХ: ПРОДОЛЖАЮЩИЕСЯ РЕСУРСЫ
Кодированные данные продолжающегося ресурса ayuz|||0|y|
200 1# - ЗАГЛАВИЕ И СВЕДЕНИЯ ОБ ОТВЕТСТВЕННОСТИ
Основное заглавие Soviet land
Сведения, относящиеся к заглавию Illustr. literary bimonthly
Первые сведения об ответственности Ed. in chief. L.A. Block
210 ## - ПУБЛИКАЦИЯ, РАСПРОСТРАНЕНИЕ И ДР.
Место издания, распространения и т.д. Moscow
Имя издателя, распространителя и т. д. United magazines & newspapers
Дата издания, распространения и т.д. 1934-
430 #0 - ПРОДОЛЖЕН
Встроенное поле 2001#$aSoviet travel
Заглавие Soviet travel
702 #1 - ИМЯ ЛИЦА - ВТОРИЧНАЯ ОТВЕТСТВЕННОСТЬ
Начальный элемент ввода Block
Часть имени, кроме начального элемента ввода L.A.
Код отношения Прочие
801 #1 - ИСТОЧНИК ЗАПИСИ
Страна российская федерация
Организация InfoComm
Дата составления 20060301
801 #0 - ИСТОЧНИК ЗАПИСИ
Страна российская федерация
Организация NLR
Правила каталогизации PSBO
852 ## - МЕСТОНАХОЖДЕНИЕ И ШИФР ХРАНЕНИЯ
Идентификатор организации NLR
Шифр хранения (Call Number) 26.1⁶5.29
942 ## - ДОПОЛНИТЕЛЬНЫЕ ЭЛЕМЕНТЫ ЗАПИСИ (АБИС)
Тип экземпляра АБИС Журнал
980 ## - КОЛЛЕКЦИЯ
Название коллекции Иностранная периодика

Нет доступных экземпляров.